Boko Haram (Record no. 4599)
[ view plain ]
| 000 -LEADER | |
|---|---|
| fixed length control field | 00454nam a22001697a 4500 |
| 008 - FIXED-LENGTH DATA ELEMENTS--GENERAL INFORMATION | |
| fixed length control field | 260306b |||||||| |||| 00| 0 eng d |
| 020 ## - INTERNATIONAL STANDARD BOOK NUMBER | |
| ISBN | 9780821446577 |
| 100 ## - MAIN ENTRY--AUTHOR | |
| Author | Kendhammer, Brandon |
| 245 ## - TITLE STATEMENT | |
| Title | Boko Haram |
| 260 ## - PUBLICATION, DISTRIBUTION, ETC. (IMPRINT) | |
| Place of publication | Athens |
| Name of publisher | Ohio University Press |
| Date of publication | 2018 |
| 300 ## - COLLATION | |
| Pagination | 219 |
| Other physical details | Ill |
| 650 ## - TRACINGS | |
| Main Subject | Abduction- Nigeria |
| Subdivision (1st) | Kidnapping Victims- Nigeria |
| 700 ## - ADDITIONAL AUTHOR | |
| Additional Author | Mc Cain, Carmen |
| 942 ## - ADDED ENTRY ELEMENTS (KOHA) | |
| Item type | Books |
| 050 ## - LIBRARY OF CONGRESS CALL NUMBER | |
| Classification number | HV6433 |
| Item number | .K46 |
No items available.